Central Library and Information Centre
Sibsagar Girls' College, Sivasagar : Assam

KAMRUPA BURANJI --AN ACCOUNT OF ANCIENT KAMRUPA : AND AHISTORY OF THE MOGUL CONFLICT WITH ASSAM AND COOCH BIHAR UPTO A.D.1682 WITH APPENDICES (Record no. 28800)

MARC details
000 -LEADER
fixed length control field 00568nam a22001337a 4500
005 - DATE AND TIME OF LATEST TRANSACTION
control field 20251114064845.0
008 - FIXED-LENGTH DATA ELEMENTS--GENERAL INFORMATION
fixed length control field 220611b ||||| |||| 00| 0 eng d
040 ## - CATALOGING SOURCE
Transcribing agency OCLC
082 ## - DEWEY DECIMAL CLASSIFICATION NUMBER
Edition number DDC
Classification number 954.162
Item number BHU
100 ## - MAIN ENTRY--PERSONAL NAME
Personal name BHUYAN , SURYYA KR
Relator term EDITOR
9 (RLIN) 1072
245 ## - TITLE STATEMENT
Title KAMRUPA BURANJI --AN ACCOUNT OF ANCIENT KAMRUPA : AND AHISTORY OF THE MOGUL CONFLICT WITH ASSAM AND COOCH BIHAR UPTO A.D.1682 WITH APPENDICES
Medium ASSAMESE
260 ## - PUBLICATION, DISTRIBUTION, ETC.
Place of publication, distribution, etc. GUWAHATI
Name of publisher, distributor, etc. GOVT OF ASSAM IN THE DEPTT OF HISTORICAL AND ATIQUARIAN STUDIES,NARAYANI HANDQUI HISTORICAL INSTITUTE
Date of publication, distribution, etc. 1958
942 ## - ADDED ENTRY ELEMENTS (KOHA)
Source of classification or shelving scheme Dewey Decimal Classification
Koha item type Books
Holdings
Withdrawn status Lost status Source of classification or shelving scheme Damaged status Not for loan Collection code Home library Current library Shelving location Date acquired Source of acquisition Full call number Barcode Date last seen Price effective from Koha item type Public note
    Dewey Decimal Classification     REFASM Central Library and Information Centre Sibsagar Girls College Central Library and Information Centre Sibsagar Girls College BBLMC 18.02.2022 BBMC 954.162 BHU 46663 11.06.2022 11.06.2022 Books Donated by Biren Borkotoky Family


Sibsagar Girl's College © 2020. All rights reserved.
Powered by Koha.
Maintained by Abhijit Borpuzari.